header

C# .NET web developer's guide (Record no. 15401)

MARC details
000 -LEADER
fixed length control field 01275nam a2200325Ia 4500
082 04 - DEWEY DECIMAL CLASSIFICATION NUMBER
Classification number 005.2/76
245 00 - TITLE STATEMENT
Title C# .NET web developer's guide
260 ## - PUBLICATION, DISTRIBUTION, ETC. (IMPRINT)
Place of publication Rockland, Mass. :
Name of publisher Syngress Publishing, Inc.,
Year of publication c2002.
300 ## - PHYSICAL DESCRIPTION
Number of Pages xx, 793 p. :
Other physical details ill.
500 ## - GENERAL NOTE
General note Includes index.
General note Title from title screen.
650 #0 - SUBJECT ADDED ENTRY--TOPICAL TERM
Topical Term Application software
Topical Term Internet programming.
Topical Term Microsoft .NET Framework.
700 1# - ADDED ENTRY--PERSONAL NAME
Personal name Nandu, Saurabh.
Personal name Turtschi, Adrian.
856 40 - ELECTRONIC LOCATION AND ACCESS
Uniform Resource Identifier http://site.ebrary.com/lib/rucke/Doc?id=10007049

No items available.

© 2026 Rongo University
Contact us: librarian | system librarian | Rongo university